[Event "N�_LL 2008/09"]
[Site "?"]
[Date "2008.11.16"]
[Round "5"]
[White "Rumpl, Erwin"]
[Black "Trkulja, Zoran"]
[Result "1/2-1/2"]
[WhiteElo "2271"]
[BlackElo "2211"]
[Annotator "Bisamberg/Korneuburg : Amstetten"]
[PlyCount "24"]
[EventDate "2008.11.10"]
[SourceDate "2008.11.26"]

1. c4 Nf6 2. Nc3 c6 3. e4 e5 4. Nf3 d6 5. d4 Qc7 6. Be2 Be7 7. O-O O-O 8. Rb1
Bg4 9. b4 Nbd7 10. h3 Bh5 11. Be3 Rfe8 12. d5 Bg6 1/2-1/2

[Event "N�_LL 2008/09"]
[Site "?"]
[Date "2008.11.16"]
[Round "5"]
[White "Sadilek, Peter"]
[Black "Sandh�fner, Florian"]
[Result "1-0"]
[WhiteElo "2167"]
[BlackElo "2244"]
[Annotator "Bisamberg/Korneuburg : Amstetten"]
[PlyCount "47"]
[EventDate "2008.11.10"]
[SourceDate "2008.11.26"]

1. d4 d5 2. c4 dxc4 3. Nf3 Nf6 4. e3 a6 5. a4 e6 6. Bxc4 Bb4+ 7. Nc3 c5 8. O-O
Nc6 9. Na2 cxd4 10. Nxb4 Nxb4 11. exd4 Nbd5 12. a5 O-O 13. Qe2 b5 14. axb6 Qxb6
15. Ra3 Bb7 16. Rb3 Nb4 17. Ne5 a5 18. Rd1 Rad8 19. Bg5 Rxd4 20. Bxf6 gxf6 21.
Nd7 Qc6 22. Rg3+ Kh8 23. Rxd4 Rd8 24. Qg4 1-0

[Event "N�_LL 2008/09"]
[Site "?"]
[Date "2008.11.16"]
[Round "5"]
[White "Wadsack, Wolfgang"]
[Black "Pammer, Andreas"]
[Result "1-0"]
[WhiteElo "2201"]
[BlackElo "2120"]
[Annotator "Bisamberg/Korneuburg : Amstetten"]
[PlyCount "59"]
[EventDate "2008.11.10"]
[SourceDate "2008.11.26"]

1. e4 c5 2. c3 b6 3. d4 Bb7 4. Bd3 e6 5. Nf3 Nf6 6. Nbd2 d6 7. O-O Be7 8. Re1
O-O 9. Qe2 Nc6 10. e5 Nd5 11. Ne4 dxe5 12. dxe5 Bc8 13. Neg5 g6 14. h4 Qe8 15.
h5 Bd7 16. hxg6 fxg6 17. Qe4 Kg7 18. Qh4 Rh8 19. Qg3 Qg8 20. Bc4 Nc7 21. Ne4
Rd8 22. Nf6 Qf8 23. Be3 Bc8 24. Rad1 Rxd1 25. Rxd1 Ne8 26. Qh3 h6 27. Nxe8+
Qxe8 28. Bxe6 Bxe6 29. Qxe6 Nd8 30. Qg4 1-0

[Event "N�_LL 2008/09"]
[Site "?"]
[Date "2008.11.16"]
[Round "5"]
[White "Reinwald, Patrick"]
[Black "Gugler, Edgar"]
[Result "1/2-1/2"]
[WhiteElo "2041"]
[BlackElo "2145"]
[Annotator "Bisamberg/Korneuburg : Amstetten"]
[PlyCount "40"]
[EventDate "2008.11.10"]
[SourceDate "2008.11.26"]

1. e4 c6 2. d4 g6 3. Nc3 Bg7 4. Be2 d5 5. e5 Qb6 6. Nf3 Bg4 7. O-O Nh6 8. a3
O-O 9. Be3 f6 10. Na4 Qc7 11. Nc5 Nd7 12. Nxd7 Qxd7 13. exf6 exf6 14. Qd2 Nf5
15. Bf4 Rfe8 16. h3 Rxe2 17. Qxe2 Nxd4 18. Qd3 Nxf3+ 19. gxf3 Bxh3 20. Rfe1 Bf5
1/2-1/2

[Event "N�_LL 2008/09"]
[Site "TOSHIBA"]
[Date "2008.11.16"]
[Round "5"]
[White "R�hrl, Karl"]
[Black "Todor, Razvan"]
[Result "1-0"]
[WhiteElo "2218"]
[BlackElo "2181"]
[Annotator "St.P�lten : Wr.Neustadt"]
[PlyCount "77"]
[EventDate "2008.??.??"]
[TimeControl "300"]

1. e4 c5 2. Nf3 d6 3. d4 cxd4 4. Nxd4 Nf6 5. Nc3 a6 6. Bc4 e6 7. Bb3 Be7 8. Be3
b5 9. a3 Qc7 10. O-O Bd7 11. f4 Nc6 12. f5 Nxd4 13. Bxd4 e5 14. Bf2 Bc6 15. Re1
Qb7 16. Qe2 g6 17. Bh4 gxf5 18. Bxf6 Bxf6 19. Nd5 Bg7 20. Rad1 f4 21. Qg4 Kf8
22. Qh4 h5 23. g3 Re8 24. Rf1 Rh6 25. gxf4 Bxd5 26. Bxd5 Qb6+ 27. Kh1 Bf6 28.
Qh3 Qc5 29. c3 Re7 30. fxe5 Bxe5 31. Rf5 h4 32. Rdf1 Rh7 33. Rg5 Rg7 34. Rxg7
Bxg7 35. Rg1 Qf2 36. Qg4 f6 37. Bc6 Qb6 38. Qc8+ Kf7 39. Bd5+ 1-0

[Event "N�_LL 2008/09"]
[Site "TOSHIBA"]
[Date "2008.11.16"]
[Round "5"]
[White "Denk, Adolf"]
[Black "Steiner, Adam"]
[Result "1-0"]
[WhiteElo "2224"]
[BlackElo "2184"]
[Annotator "St.P�lten : Wr.Neustadt"]
[PlyCount "97"]
[EventDate "2008.??.??"]
[TimeControl "300"]

1. c4 e5 2. Nc3 Nf6 3. g3 d5 4. cxd5 Nxd5 5. Bg2 Nb6 6. Nf3 Nc6 7. O-O Be7 8.
a3 a5 9. d3 O-O 10. Be3 Be6 11. Rc1 Nd5 12. Bd2 f5 13. Na4 e4 14. Ne1 Nf6 15.
Be3 Ne5 16. Nc5 Bd5 17. dxe4 fxe4 18. Qc2 Nc4 19. Bd4 Bxc5 20. Bxc5 Re8 21. Rd1
c6 22. Qc3 Qc7 23. Nc2 Qf7 24. Bd4 Nd6 25. Ne3 Nb5 26. Qc5 Nd7 27. Qc1 Nxd4 28.
Rxd4 Nf6 29. Qc5 Qh5 30. Rd2 Ng4 31. Nxg4 Qxg4 32. Qe3 Qe6 33. Qc5 Qe7 34. Qxe7
Rxe7 35. e3 Rd8 36. Rc1 Rdd7 37. h4 Kf7 38. Rcd1 Kf6 39. Rd4 Re5 40. Bxe4 h6
41. Bg2 Rc7 42. Bxd5 cxd5 43. Rxd5 Rc2 44. R1d2 Rxd5 45. Rxd5 Rxb2 46. Rxa5 b6
47. Ra4 b5 48. Ra7 g6 49. Kg2 1-0

[Event "N�-LL 2008/09"]
[Site "TOSHIBA"]
[Date "2008.11.16"]
[Round "5"]
[White "Volkmann, Friedrich"]
[Black "Ganaus, Hannes"]
[Result "1/2-1/2"]
[WhiteElo "2419"]
[BlackElo "2299"]
[Annotator "St.P�lten : Wr.Neustadt"]
[PlyCount "105"]
[EventDate "2008.??.??"]
[TimeControl "300"]

1. e4 c6 2. d4 d5 3. f3 e6 4. Nc3 Bb4 5. a3 Ba5 6. b4 Bc7 7. e5 Nd7 8. f4 a5 9.
Rb1 axb4 10. axb4 b5 11. Nf3 f5 12. Bd3 Nb6 13. g4 Nh6 14. g5 Ng8 15. O-O Ne7
16. Kh1 Bd7 17. Nd2 Kf8 18. Nb3 Be8 19. Nc5 Qc8 20. Rg1 Nc4 21. Be2 h6 22. gxh6
Rxh6 23. Rg5 Bd8 24. Qg1 Ng6 25. Rh5 Ra7 26. Rb3 Nh4 27. Rxh6 gxh6 28. Nd1 Rg7
29. Rg3 Rxg3 30. hxg3 Ng6 31. Ne3 Bf7 32. Nxc4 bxc4 33. Qe3 Bb6 34. Qa3 Kg7 35.
Be3 h5 36. Qa6 Qxa6 37. Nxa6 Ne7 38. c3 Nc8 39. Bd1 Na7 40. Bd2 Be8 41. Kg2 Nb5
42. Kf2 Kh6 43. Ke3 Ba7 44. Be1 Bd7 45. Ba4 Bc8 46. Nc5 Kg6 47. Kd2 Bb6 48. Bd1
Kh6 49. Be2 Kg6 50. Ke3 Kh6 51. Na4 Bd8 52. Nb2 Bd7 53. Na4 1/2-1/2

[Event "N�-LL 2008/09"]
[Site "TOSHIBA"]
[Date "2008.11.16"]
[Round "?"]
[White "Wiedner, Robert"]
[Black "Neumeier, Klaus"]
[Result "1-0"]
[WhiteElo "2179"]
[BlackElo "2268"]
[Annotator "St.P�lten : Wr.Neustadt"]
[PlyCount "77"]
[EventDate "2008.??.??"]
[TimeControl "300"]

1. Nf3 Nf6 2. c4 g6 3. b4 Bg7 4. Bb2 O-O 5. h3 d6 6. d3 e5 7. e3 a5 8. a3 axb4
9. axb4 Rxa1 10. Bxa1 Na6 11. Bc3 e4 12. Nfd2 exd3 13. Bxd3 Nd7 14. Qb3 Ne5 15.
Be4 c6 16. O-O Be6 17. f4 Nxc4 18. Nxc4 Bxc4 19. Qxc4 d5 20. Bxd5 cxd5 21. Qb3
Qb6 22. Bxg7 Kxg7 23. f5 Re8 24. fxg6 hxg6 25. Qxd5 Qxe3+ 26. Kh1 Re7 27. Qc4
Rc7 28. Qh4 Rc6 29. b5 g5 30. Qe1 Qxe1 31. Rxe1 Rb6 32. bxa6 bxa6 33. Nc3 Rb3
34. Ne4 Kg6 35. Ra1 Rb6 36. Nc5 Kf5 37. Rxa6 Rb1+ 38. Kh2 Rc1 39. g4+ 1-0

[Event "N�_LL 2008/09"]
[Site "?"]
[Date "2008.11.16"]
[Round "5"]
[White "Hangweyrer, Manfred"]
[Black "Heimberger, Reinhard"]
[Result "1/2-1/2"]
[WhiteElo "2323"]
[BlackElo "2219"]
[Annotator "B�hlerwerk : Stockerau"]
[PlyCount "30"]
[EventDate "2008.11.10"]
[SourceDate "2008.11.26"]

1. e4 c5 2. Nf3 e6 3. d3 d6 4. g3 Nf6 5. Bg2 Be7 6. O-O O-O 7. Nc3 Nc6 8. Ng5
d5 9. f4 h6 10. Nf3 dxe4 11. Nxe4 Nxe4 12. dxe4 b6 13. Qe2 Nd4 14. Qf2 Nxf3+
15. Qxf3 Bb7 1/2-1/2

[Event "N�_LL 2008/09"]
[Site "?"]
[Date "2008.11.16"]
[Round "5"]
[White "Kranzl, Peter"]
[Black "Sadilek, Maximilian"]
[Result "1-0"]
[WhiteElo "2266"]
[BlackElo "2156"]
[Annotator "B�hlerwerk : Stockerau"]
[PlyCount "119"]
[EventDate "2008.11.10"]
[SourceDate "2008.11.26"]

1. e4 Nc6 2. Nf3 Nf6 3. e5 Ng4 4. d4 d6 5. h3 Nh6 6. Bb5 a6 7. Bxc6+ bxc6 8.
O-O g6 9. Re1 Nf5 10. c3 Rb8 11. Na3 e6 12. Qa4 Bb7 13. d5 Qd7 14. dxe6 fxe6
15. exd6 cxd6 16. Nc4 Be7 17. Na5 Ba8 18. Qc4 Rb5 19. Nb3 e5 20. Ng5 d5 21. Qe2
e4 22. f3 Qa7+ 23. Qf2 Qxf2+ 24. Kxf2 exf3 25. Nxf3 O-O 26. Kg1 Bd8 27. Bf4 Nh4
28. Nxh4 Rxf4 29. Nf3 Rf8 30. Re2 c5 31. Ne5 d4 32. cxd4 cxd4 33. Rd1 Bb6 34.
Kh1 Rd5 35. Nd3 Kg7 36. Nd2 Rh5 37. Kg1 Rhf5 38. Ne4 Ba7 39. Nd6 R5f6 40. Ne4
R6f7 41. Ng5 Bc6 42. Nxf7 Rxf7 43. Rf1 Rxf1+ 44. Kxf1 Bb5 45. Re7+ Kh6 46. Rxa7
Bxd3+ 47. Kf2 Bb5 48. h4 Kh5 49. Rxh7+ Kg4 50. b3 Kf4 51. a4 Bd3 52. Rd7 Ke4
53. b4 Bc4 54. Rc7 Bb3 55. b5 axb5 56. axb5 d3 57. b6 d2 58. Rd7 d1=Q 59. Rxd1
Bxd1 60. b7 1-0

[Event "N�_LL 200(/09"]
[Site "?"]
[Date "2008.11.16"]
[Round "5"]
[White "Neumann, Christian"]
[Black "Schmid, Thomas"]
[Result "1-0"]
[WhiteElo "1953"]
[BlackElo "2188"]
[Annotator "B�hlerwerk : Stockerau"]
[PlyCount "45"]
[EventDate "2008.11.10"]
[SourceDate "2008.11.26"]

1. e4 c5 2. Nc3 e6 3. g3 d5 4. d3 dxe4 5. Nxe4 Bd7 6. Bg2 Bc6 7. Nf3 Nd7 8. Bf4
Qb6 9. O-O Ngf6 10. Qe2 Nxe4 11. dxe4 Qxb2 12. Rab1 Qf6 13. Rfd1 e5 14. Bc1 Be7
15. Bh3 Nb8 16. Bg5 Qg6 17. Bf5 Qh5 18. Bxe7 Kxe7 19. Qd3 Qh6 20. Nxe5 Na6 21.
Rxb7+ Bxb7 22. Qd7+ Kf8 23. Qxf7# 1-0

[Event "N�-LL 2008/09"]
[Site "?"]
[Date "2008.11.30"]
[Round "6"]
[White "W�ber, Friedrich"]
[Black "Hangweyrer, Manfred"]
[Result "1/2-1/2"]
[WhiteElo "2131"]
[BlackElo "2323"]
[Annotator "Krems : Stockerau"]
[PlyCount "32"]
[EventDate "2008.11.10"]
[SourceDate "2008.12.07"]

1. e4 c5 2. d4 cxd4 3. c3 d3 4. Bxd3 Nc6 5. Nf3 d6 6. O-O Nf6 7. c4 g6 8. Nc3
Bg7 9. h3 O-O 10. Be3 b6 11. Qd2 Bb7 12. Rac1 Nd7 13. Bh6 Rc8 14. Bxg7 Kxg7 15.
Be2 Nf6 16. Rfd1 Na5 1/2-1/2

[Event "N�_LL 2008/09"]
[Site "?"]
[Date "2008.11.30"]
[Round "6"]
[White "Sadilek, Maximilian"]
[Black "Gruszka, Herbert"]
[Result "1-0"]
[WhiteElo "2156"]
[BlackElo "1990"]
[Annotator "Krems : Stockerau"]
[PlyCount "121"]
[EventDate "2008.11.10"]
[SourceDate "2008.12.07"]

1. e4 e5 2. Nf3 Nc6 3. Bc4 Nf6 4. d3 Be7 5. O-O O-O 6. Re1 d6 7. a4 Bg4 8. Nbd2
Nd4 9. h3 Nxf3+ 10. Nxf3 Bd7 11. d4 exd4 12. Nxd4 c6 13. c3 Qa5 14. b4 Qh5 15.
Qxh5 Nxh5 16. e5 d5 17. Be2 g6 18. Bxh5 gxh5 19. Bh6 Rfe8 20. a5 Rac8 21. Rab1
Kh8 22. Re3 Rg8 23. Rf3 Be6 24. Nf5 Rc7 25. Nd6 Bxd6 26. exd6 Rd7 27. Be3 Rg6
28. Bxa7 Rxd6 29. b5 cxb5 30. Rxb5 Bc8 31. Rc5 Be6 32. Rc7 Rd7 33. Bd4+ f6 34.
Bxf6+ Rxf6 35. Rxd7 Rxf3 36. Rd8+ Kg7 37. gxf3 Bxh3 38. Rxd5 Kg6 39. Rb5 Bc8
40. Rc5 Be6 41. Kg2 h6 42. a6 bxa6 43. Rc6 Kf5 44. Rxa6 Bc4 45. Rxh6 Bf7 46.
Kg3 Kg5 47. Rc6 h4+ 48. Kh2 Be8 49. Rc5+ Kf4 50. Kg2 h3+ 51. Kxh3 Bd7+ 52. Kh4
Kxf3 53. Rc7 Be6 54. Rc6 Bd5 55. Rf6+ Ke4 56. Kg5 Bg8 57. f4 Kd3 58. Rc6 Ke4
59. f5 Ke5 60. f6 Kd5 61. Rc7 1-0

[Event "N�-LL 2008/09"]
[Site "?"]
[Date "2008.11.30"]
[Round "6"]
[White "Lehner, Oliver"]
[Black "Kummer, Helmut"]
[Result "1/2-1/2"]
[WhiteElo "2405"]
[BlackElo "2370"]
[Annotator "Bad V�slau/Kottingbrunn : St.P�lten"]
[PlyCount "87"]
[EventDate "2008.11.10"]
[SourceDate "2008.12.08"]

1. e4 e5 2. Nf3 Nc6 3. Bb5 a6 4. Ba4 Nf6 5. O-O Be7 6. Re1 b5 7. Bb3 O-O 8. a4
b4 9. d3 d6 10. a5 Bg4 11. c3 Rb8 12. Nbd2 Qc8 13. Bc4 Re8 14. Qa4 Bd7 15. Qa2
Nd8 16. Nf1 Be6 17. cxb4 Rxb4 18. Ne3 Bxc4 19. Nxc4 Ne6 20. Bd2 Rb7 21. b4 Qd7
22. Qc2 Nh5 23. Ne3 Ng5 24. Qd1 Nf4 25. Nf5 Nge6 26. Qc2 Bf8 27. g3 Ng6 28. Qc4
Qb5 29. Qxb5 Rxb5 30. d4 d5 31. dxe5 dxe4 32. Rxe4 Reb8 33. Rc1 Bxb4 34. Bxb4
Rxb4 35. Rxb4 Rxb4 36. Rc6 Rb3 37. Ne3 Rb5 38. Rxa6 h6 39. Ra8+ Kh7 40. Kf1
Nxe5 41. Nxe5 Rxe5 42. a6 Ra5 43. f4 Nd4 44. Nc4 1/2-1/2

[Event "N�_LL 2008/09"]
[Site "?"]
[Date "2008.11.30"]
[Round "6"]
[White "Zojer, Stefan"]
[Black "Denk, Adolf"]
[Result "0-1"]
[WhiteElo "2044"]
[BlackElo "2224"]
[Annotator "Bad V�slau/Kottingbrunn : St.P�lten"]
[PlyCount "78"]
[EventDate "2008.11.10"]
[SourceDate "2008.12.08"]

1. e4 c5 2. Nf3 e6 3. d4 cxd4 4. Nxd4 a6 5. Bd3 Qc7 6. Be3 Nf6 7. a3 d5 8. Nd2
Nbd7 9. f4 dxe4 10. Nxe4 Nd5 11. Qf3 Nxe3 12. Qxe3 Nb6 13. O-O Nd5 14. Qf2 Be7
15. Kh1 Bd7 16. Rae1 O-O-O 17. c4 Nf6 18. b4 Be8 19. Rd1 Ba4 20. Rd2 Nxe4 21.
Bxe4 Qxc4 22. Bc2 Bf6 23. Bxa4 Bxd4 24. Qf3 Kb8 25. Bb3 Qb5 26. Rc1 Bb6 27.
Rxd8+ Rxd8 28. f5 Rd3 29. Qf4+ e5 30. Qc4 Qxc4 31. Bxc4 Rxa3 32. Bxf7 e4 33. g4
Rd3 34. Kg2 Rd2+ 35. Kf1 Rxh2 36. Rc4 Rf2+ 37. Ke1 Rf4 38. Bh5 Bf2+ 39. Ke2 b5
0-1

[Event "N�_LL 2008/09"]
[Site "?"]
[Date "2008.11.30"]
[Round "6"]
[White "Neumeier, Klaus"]
[Black "Haas, Bernhard"]
[Result "1-0"]
[WhiteElo "2268"]
[BlackElo "1986"]
[Annotator "Bad V�slau/Kottingbrunn : St.P�lten"]
[PlyCount "51"]
[EventDate "2008.11.10"]
[SourceDate "2008.12.08"]

1. e4 e6 2. d4 d5 3. Nc3 Nf6 4. e5 Nfd7 5. f4 c5 6. Nf3 Nc6 7. Be3 cxd4 8. Nxd4
Bc5 9. Qd2 a6 10. O-O-O Nxd4 11. Bxd4 b5 12. Ne4 Be7 13. Nd6+ Bxd6 14. exd6 Nf6
15. g4 Qxd6 16. g5 Ne4 17. Qe3 O-O 18. Bd3 Qc6 19. Bxe4 dxe4 20. Bc5 Re8 21.
Rd6 Qc7 22. Rhd1 Bb7 23. Bb6 Qc4 24. b3 Qb4 25. Kb2 Bd5 26. Bc7 1-0

[Event "N�_LL 2008/09"]
[Site "?"]
[Date "2008.11.30"]
[Round "6"]
[White "Somasundram, Jayakumar"]
[Black "R�hrl, Karl"]
[Result "0-1"]
[WhiteElo "1991"]
[BlackElo "2218"]
[Annotator "Bad V�slau/Kottingbrunn : St.P�lten"]
[PlyCount "68"]
[EventDate "2008.11.10"]
[SourceDate "2008.12.08"]

1. e4 c5 2. Nf3 e6 3. d4 cxd4 4. Nxd4 a6 5. Be2 Qc7 6. O-O Nf6 7. Bf3 d6 8. Nc3
Nbd7 9. g3 Be7 10. Bg2 O-O 11. f4 Rb8 12. Kh1 Nb6 13. Qd3 Rd8 14. Qe2 Qc4 15.
Qxc4 Nxc4 16. b3 Nb6 17. Ba3 Kf8 18. Rf3 e5 19. fxe5 dxe5 20. Bxe7+ Kxe7 21.
Nf5+ Bxf5 22. Rxf5 Rbc8 23. Nd5+ Nfxd5 24. exd5 Rxc2 25. Rxe5+ Kd6 26. Rg5 g6
27. Rf1 h6 28. Rf6+ Ke7 29. Rgxg6 fxg6 30. Re6+ Kf8 31. Be4 Re2 32. d6 Rc8 33.
Rf6+ Kg7 34. Rxg6+ Kf7 0-1

[Event "N�_LL 2008/09"]
[Site "?"]
[Date "2008.11.30"]
[Round "6"]
[White "Vykydal, Frantisek"]
[Black "Bawart, Markus"]
[Result "0-1"]
[WhiteElo "2242"]
[BlackElo "2349"]
[Annotator "Baden : Zwettl"]
[PlyCount "74"]
[EventDate "2008.11.10"]
[SourceDate "2008.12.08"]

1. e4 d5 2. Nc3 d4 3. Nb1 e5 4. d3 Nc6 5. Nf3 f6 6. Be2 Nge7 7. Nh4 Be6 8. Bg4
Qd7 9. h3 g6 10. Bxe6 Qxe6 11. Qg4 Qf7 12. O-O h5 13. Qe2 g5 14. Nf5 Nxf5 15.
exf5 O-O-O 16. Nd2 Qh7 17. Qe4 Ne7 18. h4 Bh6 19. Nc4 g4 20. f4 gxf3 21. Qxf3
Rhg8 22. Na5 c6 23. c4 Rg4 24. b4 Rdg8 25. Rf2 Rg3 26. Qe2 Be3 27. Bxe3 dxe3
28. Rf3 Nxf5 29. Rxg3 Rxg3 30. Kh2 Qg6 31. Rg1 Nd4 32. Qe1 Rxg2+ 33. Rxg2 Nf3+
34. Kh1 Qxg2+ 35. Kxg2 Nxe1+ 36. Kf1 Nxd3 37. Ke2 Nxb4 0-1

[Event "N�_LL 2008/09"]
[Site "?"]
[Date "2008.11.30"]
[Round "6"]
[White "Herndlbauer, Martin"]
[Black "Janetschek, Karl"]
[Result "1/2-1/2"]
[WhiteElo "2088"]
[BlackElo "2244"]
[Annotator "Baden : Zwettl"]
[PlyCount "45"]
[EventDate "2008.11.10"]
[SourceDate "2008.12.08"]

1. e4 c5 2. c3 Nf6 3. e5 Nd5 4. d4 cxd4 5. Nf3 e6 6. cxd4 Nc6 7. Nc3 Nxc3 8.
bxc3 d6 9. exd6 Bxd6 10. Bd3 O-O 11. O-O Qa5 12. Qc2 h6 13. Rb1 a6 14. Re1 e5
15. Bd2 Qc7 16. d5 Ne7 17. c4 f5 18. c5 Qxc5 19. Qxc5 Bxc5 20. Nxe5 b5 21. a4
Nxd5 22. axb5 Nb6 23. Nc6 1/2-1/2

[Event "N�_LL 2008/09"]
[Site "?"]
[Date "2008.11.30"]
[Round "6"]
[White "Wagner, Stefan"]
[Black "Berbati, Kadri"]
[Result "0-1"]
[WhiteElo "2160"]
[BlackElo "2007"]
[Annotator "Baden : Zwettl"]
[PlyCount "66"]
[EventDate "2008.11.10"]
[SourceDate "2008.12.08"]

1. e4 c5 2. Nf3 Nc6 3. d4 cxd4 4. Nxd4 g6 5. c4 Bg7 6. Be3 d6 7. Nc3 Nf6 8. Be2
O-O 9. f3 Bd7 10. Qd2 a6 11. h4 Nh5 12. g4 Ng3 13. Rh3 Nxe2 14. Ndxe2 Ne5 15.
b3 h5 16. Nd4 hxg4 17. Rg3 b5 18. cxb5 axb5 19. Rc1 Rc8 20. f4 b4 21. Nce2
Rxc1+ 22. Nxc1 Nc6 23. Nxc6 Bxc6 24. Qxb4 Qa8 25. Rxg4 Bxe4 26. Kf2 Rc8 27. Rg3
Rc2+ 28. Bd2 Qd5 29. Ke1 Bf5 30. Ne2 Bf6 31. Kd1 Bxh4 32. Rg1 Bf2 33. a4 Be3
0-1

[Event "N�_LL 2008/09"]
[Site "Bachwirt, Ardaggerstr. 28"]
[Date "2008.11.30"]
[Round "6"]
[White "Weissenbeck, Manuel"]
[Black "Rumpl, Erwin"]
[Result "1/2-1/2"]
[WhiteElo "2247"]
[BlackElo "2271"]
[Annotator "Amstetten:Mauerbach"]
[PlyCount "49"]
[EventDate "2008.11.30"]
[EventRounds "11"]
[SourceDate "2008.11.30"]

1. d4 d5 2. Nf3 c6 3. Bf4 Nf6 4. Nbd2 g6 5. h3 Bg7 6. e3 Bf5 7. g4 Be4 8. Bg2
O-O 9. O-O Nbd7 10. Rc1 Qb6 11. b3 a5 12. a4 Rfc8 13. c4 e6 14. c5 Qd8 15. Ne1
Bxg2 16. Kxg2 b6 17. Nd3 bxc5 18. Nxc5 Nxc5 19. dxc5 Nd7 20. Bd6 Bf8 21. Bxf8
Qxf8 22. Qc2 Rcb8 23. f4 f5 24. Nf3 Qe7 25. Nd4 1/2-1/2

[Event "N�_LL 2008/09"]
[Site "Bachwirt, Ardaggerstr. 28"]
[Date "2008.11.30"]
[Round "6"]
[White "Wadsack, Wolfgang"]
[Black "Penz, Harald"]
[Result "0-1"]
[WhiteElo "2201"]
[BlackElo "2323"]
[Annotator "Amstetten:Mauerbach"]
[PlyCount "138"]
[EventDate "2008.11.30"]
[EventRounds "11"]
[SourceDate "2008.11.30"]

1. e4 e5 2. Nc3 Nf6 3. Nf3 Nc6 4. d4 Bb4 5. d5 Ne7 6. Nxe5 d6 7. Bb5+ Kf8 8.
Nf3 Nxe4 9. Bd2 Bxc3 10. Bxc3 Nxc3 11. bxc3 Nxd5 12. Qxd5 c6 13. Qd4 cxb5 14.
O-O-O Be6 15. Rhe1 Bxa2 16. Qb4 Qc7 17. Rxd6 Kg8 18. Red1 h6 19. Qe4 Rf8 20.
Kb2 Be6 21. Qe5 Qc4 22. R1d4 Qa2+ 23. Kc1 Rc8 24. Kd2 Kh7 25. Qe4+ g6 26. Qxb7
Rb8 27. Qe7 Rhe8 28. Rxe6 Qxe6 29. Qxe6 Rxe6 30. Rd7 Kg7 31. Rxa7 Rd8+ 32. Nd4
b4 33. Rb7 bxc3+ 34. Kxc3 Re1 35. Kd2 Rh1 36. Ke3 Re8+ 37. Kf3 Rxh2 38. Rc7 Rh4
39. Rd7 Rhe4 40. c4 R4e7 41. Rd5 Re5 42. Rb5 Rxb5 43. cxb5 f5 44. Nc6 Re1 45.
g3 Rb1 46. Nd4 Kf6 47. Ke3 Ke5 48. Nf3+ Ke6 49. Kd3 Rb3+ 50. Ke2 Rb2+ 51. Ke3
Kf6 52. Nd4 Ke5 53. Nf3+ Ke6 54. Nd4+ Kd5 55. Ne2 g5 56. Kd3 Rb3+ 57. Nc3+ Kc5
58. Kc2 Kc4 59. Nb1 Rb4 60. Na3+ Kd4 61. Kd2 Rb2+ 62. Kc1 Rb3 63. Nc2+ Kc3 64.
b6 Rxb6 65. Ne3 Rb5 66. g4 fxg4 67. Nxg4 h5 68. Nf6 g4 69. Kd1 Kd3 0-1

[Event "N�_LL 2008/09"]
[Site "Bachwirt, Ardaggerstr. 28"]
[Date "2008.11.30"]
[Round "6"]
[White "Kende, Richard"]
[Black "Gugler, Edgar"]
[Result "1/2-1/2"]
[WhiteElo "1966"]
[BlackElo "2145"]
[Annotator "Amstetten:Mauerbach"]
[PlyCount "22"]
[EventDate "2008.11.30"]
[EventRounds "11"]
[SourceDate "2008.11.30"]

1. d4 d5 2. c4 c6 3. Nf3 Nf6 4. e3 a6 5. a4 g6 6. Nc3 Bg7 7. Bd3 O-O 8. O-O a5
9. b3 Na6 10. Ba3 Re8 11. Rc1 Bg4 1/2-1/2

[Event "N�_LL 2008/09"]
[Site "Bachwirt, Ardaggerstr. 28"]
[Date "2008.11.30"]
[Round "6"]
[White "Wadsack, Winfried"]
[Black "Bechmann, Gerhard"]
[Result "1-0"]
[WhiteElo "2120"]
[BlackElo "2060"]
[Annotator "Amstetten:Mauerbsach"]
[PlyCount "61"]
[EventDate "2008.11.30"]
[EventRounds "11"]
[SourceDate "2008.11.30"]

1. e4 c5 2. c3 Nc6 3. d4 e6 4. Nf3 d5 5. exd5 Qxd5 6. Be3 cxd4 7. Nxd4 Nf6 8.
Nd2 a6 9. Nc4 Nd7 10. a4 Be7 11. Be2 O-O 12. O-O Rb8 13. b3 Nxd4 14. Bxd4 Rd8
15. Bf3 Qf5 16. Qe2 Re8 17. Be4 Qg5 18. f4 Qh6 19. b4 Bf6 20. Ne5 g6 21. Kh1
Qg7 22. Bf3 Nxe5 23. fxe5 Be7 24. Rfd1 Qf8 25. Rd2 Bg5 26. Bc5 Qh6 27. Rd3 Bf4
28. h3 Qg5 29. Re1 Qg3 30. Bg1 b5 31. Bc6 1-0

[Event "N�_LL 2008/09"]
[Site "Niederabsdorf"]
[Date "2008.11.30"]
[Round "6"]
[White "Sadilek, Peter"]
[Black "Wolfram, Bernd"]
[Result "1/2-1/2"]
[WhiteElo "2167"]
[BlackElo "2180"]
[Annotator "Niederabsdorf : Bisamberg/Korneuburg"]
[PlyCount "30"]
[EventDate "2008.??.??"]
[EventType "team"]
[EventCountry "AUT"]

1. Nf3 Nf6 2. c4 g6 3. Nc3 Bg7 4. g3 O-O 5. Bg2 d6 6. O-O Nc6 7. d4 a6 8. d5
Na5 9. Nd2 c5 10. Rb1 Rb8 11. b3 b5 12. Bb2 Bh6 13. e3 bxc4 14. Nxc4 Nxc4 15.
bxc4 Bg7 1/2-1/2

[Event "N�_LL 2008/09"]
[Site "?"]
[Date "2008.11.30"]
[Round "6"]
[White "Trykula, Zoran"]
[Black "Kleiser, Gregor"]
[Result "0-1"]
[WhiteElo "2211"]
[BlackElo "2285"]
[Annotator "Niederabsdorf : Bisamberg/Korneuburg"]
[PlyCount "76"]
[EventDate "2008.??.??"]

1. e4 c5 2. Nf3 d6 3. d4 cxd4 4. Nxd4 Nf6 5. Nc3 a6 6. Bg5 e6 7. f4 Be7 8. Qf3
Nbd7 9. O-O-O Qc7 10. g4 b5 11. Bxf6 Nxf6 12. g5 Nd7 13. f5 Nc5 14. fxe6 fxe6
15. Kb1 b4 16. Nce2 e5 17. Nf5 O-O 18. Neg3 g6 19. Nxe7+ Qxe7 20. Bc4+ Kg7 21.
Qe3 Bg4 22. Be2 Be6 23. h4 Rad8 24. h5 Rf4 25. Rdg1 Qb7 26. hxg6 hxg6 27. Nf5+
gxf5 28. Qh3 Rg8 29. Qh6+ Kf7 30. Qf6+ Ke8 31. Bh5+ Kd7 32. Bf7 Rf8 33. Bxe6+
Nxe6 34. Rh7+ Kc6 35. Qh6 fxe4 36. Kc1 Rf1+ 37. Rxf1 Rxf1+ 38. Kd2 Qb6 0-1

[Event "N�_LL 2008/09"]
[Site "?"]
[Date "2008.11.30"]
[Round "6"]
[White "Wiedermann, Daniel"]
[Black "Reinwald, Patrick"]
[Result "0-1"]
[WhiteElo "2162"]
[BlackElo "2041"]
[Annotator "Niederabsdorf : Bisamberg/Korneuburg"]
[PlyCount "54"]
[EventDate "2008.??.??"]

1. d4 d5 2. c4 e6 3. Nc3 Nf6 4. Nf3 c5 5. cxd5 exd5 6. g3 Nc6 7. Bg2 Be7 8. O-O
O-O 9. Bg5 Be6 10. e3 Ne4 11. Bxe7 Qxe7 12. Rc1 Rfd8 13. dxc5 Nxc5 14. Nd4 Ne5
15. Qc2 Rac8 16. Rfd1 Bg4 17. Nf5 Qe6 18. Nxd5 Bxf5 19. e4 Rxd5 20. Rxd5 Qxd5
21. exf5 Qd4 22. Bxb7 Rc7 23. Rd1 Nxb7 24. Qxc7 Qxd1+ 25. Kg2 Qd5+ 26. Kh3 h6
27. f6 Qd7+ 0-1

[Event "N�_LL 2008/09"]
[Site "?"]
[Date "2008.11.30"]
[Round "6"]
[White "Schwarhofer, Christopher"]
[Black "Wetscherek, Gerhard"]
[Result "1/2-1/2"]
[WhiteElo "2189"]
[BlackElo "2107"]
[Annotator "Niederabsdorf : Bisamberg/Korneuburg"]
[PlyCount "94"]
[EventDate "2008.??.??"]

1. e4 d6 2. d4 g6 3. Nc3 Nd7 4. f4 Bg7 5. Nf3 c5 6. Be3 cxd4 7. Bxd4 Ngf6 8. e5
dxe5 9. fxe5 Nh5 10. Qd2 Nb6 11. Bb5+ Bd7 12. Bxb6 axb6 13. Bxd7+ Qxd7 14.
Qxd7+ Kxd7 15. Nd5 Kc6 16. Nxe7+ Kc5 17. O-O-O Rad8 18. c3 Nf4 19. g3 Nd3+ 20.
Kc2 Nxe5 21. b4+ Kc4 22. Nd2+ Kb5 23. Kb3 Rhe8 24. c4+ Nxc4 25. Nxc4 Rxd1 26.
Rxd1 Rxe7 27. Rd6 Ka6 28. a4 Ka7 29. Nxb6 Re3+ 30. Kc4 Be5 31. Nd5 Re4+ 32. Kd3
Rxb4 33. Nxb4 Bxd6 34. Nd5 Ka6 35. Kc4 h5 36. Nf6 Ka5 37. Kb3 h4 38. Ne4 Be5
39. gxh4 Bxh2 40. Ng5 Bg3 41. Nxf7 Bxh4 42. Ne5 g5 43. Nf3 Kb6 44. Kc4 Kc6 45.
Kb4 Kb6 46. Kc4 Kc6 47. Kb4 Kb6 1/2-1/2